000 00555nam a22001817a 4500
003 OSt
005 20221031172741.0
008 221031b |||||||| |||| 00| 0 eng d
020 _a978-85-88728-11-0
040 _cBiblioteca Lado V
082 _2708
_aH548p
100 _aHerkenhoff, Paulo
_ecurador
_913
245 _aPincelada/
_bPintura e Metodo Projecoes da Década de 50/
260 _aBrasil
_bInstituto Tomie Ohtake
_c2009
300 _a380p.
_c16x23cm
700 _aMunro, Will
_econcepto
942 _2ddc
_c1
_h701.9
_iH548p
_n0
999 _c2439
_d2439